00721nam a2200181Ia 4500008004100000020001500041020001800056041000800074050002600082100002200108245018300130260005200313300003600365650003800401650002900439650004700468700002400515200825s9999||||xx |||||||||||||| ||und|| a1625641281 a9781625641281 aeng aBX9225.V37b.B7882014 aBosserman, B. A.  4aThe Trinity and the vindication of Christian paradox: ban interpretation and refinement of the theological apologetic of Cornelius Van Til /cB. A. Bosserman, K. Scott Oliphint aEugene, Oregon : bPickwick Publications,c2014 axxiv, 267 p. :bill. ;c23 cm. aApologetics History 20th century. aChristianity Philosophy. aTrinity History of doctrines 20th century. aOliphint, K. Scott